00543nam a2200193 a 4500001001300000003000900013005001700022008004100039020002300080082001500103100002000118245007200138260004600210300000900256500003500265505001000300650001700310650002200327nice12345678IN_TiNIC20260116013135.0050524s1988 newa grp 000 0 eng  a0824518 c46000a291.7bMAR aMarty, Martin E aPushing the Faithb Proselytism and Civility in a Pluralistic World aNew YorkbCross Road Publishing Co.c1988 a190p aincludes index and biblioraphy2 anotes aConversation aMissions-Congress